000
00292nam a22001337a 4500
008
171124b xxu||||| |||| 00| 0 eng d
020
_a
9780875530017
041
_a
eng
080
_a
32
100
_a
21
101
_a
POL
245
_a
CONFRONTING VIOLENCE
_c
GELLERT.G..A
942
_2
udc
_c
BK
999
_c
38490
_d
38490